Filme von Tom Tykwer nach Bildern - Statistiken

Allgemein
  • Dieses Quiz wurde 12 mal gespielt
  • Das Durchschnittsergebnis liegt bei 3 aus 9
Antwortstatistiken
Bildquiz Antwort % Korrekt
Lola rennt
90%
Das Parfum – Die Geschichte eines Mörders
80%
Cloud Atlas
30%
Drei
20%
The International
20%
Der Krieger und die Kaiserin
10%
Ein Hologramm für den König
10%
Heaven
10%
Winterschläfer
10%
Keine übereinstimmenden Quizze gefunden
Verteilung der Resultate
Anzahl Personen mit jedem Resultat
Perzentil nach korrekt beantworteten Fragen
Ihre Resultats-Entwicklung
Sie haben dieses Quiz noch nicht gespielt